| 000 | 01119nam0a22002531 4500 | ||
|---|---|---|---|
| 001 | v19\rc\1714286 | ||
| 005 | 20250619034844.0 | ||
| 035 | _a(NLR Aleph) 004813413 | ||
| 090 |
_a4950077 _c4950077 |
||
| 100 | _a20061002f19001917|||y0rusy50 ca | ||
| 101 | 0 | _arus | |
| 102 | _aRU | ||
| 105 | _ay z ||||| | ||
| 200 | 1 |
_aПравила движения поездов по железным дорогам _eПособие для лиц, желающих выдержать испытание на должность помощника начальника станции _eСост., на основании правил техн. эксплоатации ж. д. М-ва пут. сообщ., вагонораспределитель С. Грегер |
|
| 210 |
_aЦарицын _cпаровая тип. и переплетная Ф.А. Виноградова _d[19--?] |
||
| 215 |
_a[4], 35 с. _d17 |
||
| 300 | _aНеофиц. | ||
| 700 | 1 |
_aГрегер _bС. _4220 |
|
| 801 | 0 |
_aRU _bNLR _gpsbo |
|
| 801 | 0 |
_aRU _bRuMoRGB _2psbo |
|
| 801 | 1 |
_aRU _bProSoft-M _2rusmarc |
|
| 852 |
_aNLR _j34.82.3.567 |
||
| 942 | _cBOOK | ||
| 980 | _aNB | ||